000 00472nam a2200193Ia 4500
005 20240611004902.0
008 240331s9999 xx 000 0 und d
020 _a8170361680
082 _bWIG
_a307
100 _aWignaraja, Ponna
245 0 _aWomen, poverty and resources
250 _a1 st
260 _aNew Delhi
_bSage Publications India Pvt Ltd
_c1990
300 _a241, p .,
650 _aWomen
650 _aDevelopment
650 _aPolitical
942 _cL
999 _c5559
_d5559